000 00763pam a2200241 i 4500
001 2771918
003 OSt
005 20160201150903.0
008 800722s1981 nyua 001 0 eng
010 _a 80020097
020 _a0070675619
040 _aSEKU
050 0 0 _aTK 3285
_b.V6 1981
110 2 _aVolt Information Sciences (Firm)
245 1 0 _aElectrical wiring fundamentals
_cdeveloped and produced by Volt Information Sciences, inc. ; written by Joseph H. Foley.
260 _aNew York :
_bGregg Division, McGraw-Hill,
_cc1981.
300 _aviii, 288 p. :
_bill. ;
_c29 cm.
440 0 _aContemporary construction series
500 _aIncludes index.
650 0 _aElectric wiring, Interior.
700 1 _aFoley, Joseph H.
942 _2lcc
_cGEN
999 _c10184
_d10184